000 00482nam a2200169Ia 4500
999 _c11677
_d11677
003 OSt
005 20201015103323.0
008 190216s9999||||xx |||||||||||||| ||und||
040 _coclc
082 _a823.01
_bJON/M
100 _aJones, Phyllis M
_94704
245 0 _aModern English Short Stories /
_cPhyllis M Jones
260 _bOxford University Press,
_c1950.
300 _a403p
650 _aSpeeches
942 _cBK
_2ddc
_h823.01
_iJON/M
_k823.01
_mJON/M